| 000 | 00461nam a22001577a 4500 | ||
|---|---|---|---|
| 005 | 20260421110207.0 | ||
| 008 | 260421b |||||||| |||| 00| 0 eng d | ||
| 020 | _a0582002451 | ||
| 050 |
_aPR9379.9. _b.S88 |
||
| 100 | _aSUTHERLAND, EFUA T. | ||
| 245 | _aThe marriage of Anansewa | ||
| 260 |
_aHARLOW, ENGLAND _bLONGMAN GROUP UK LTD. _c1967 |
||
| 300 | _a92p. | ||
| 650 |
_aGhanaian Drama (English language) _vAfrican Literature _xFolklore in drama |
||
| 942 | _cBK | ||
| 999 |
_c4669 _d4669 |
||